[Event "FISU World University"]
[Site "Tornelo INT"]
[Date "2020.10.26"]
[Round "2.16"]
[White "Morera Campos, Hazel Maria"]
[Black "Real Pereyra, Jeronimo"]
[Result "1/2-1/2"]
[WhiteElo "1980"]
[BlackElo "2130"]
[PlyCount "179"]
[EventDate "2020.10.26"]
[EventType "team-swiss (rapid)"]
[EventRounds "9"]
[EventCountry "NET"]
[SourceTitle "CBM 199 Extra"]
[Source "ChessBase"]
[SourceDate "2021.01.31"]
[SourceVersion "1"]
[SourceVersionDate "2021.01.31"]
[SourceQuality "1"]
[WhiteTeam "Costa Rica"]
[BlackTeam "Mexico II"]
[WhiteTeamCountry "CRI"]
[BlackTeamCountry "MEX"]

1. e4 c5 2. Nc3 Nc6 3. g3 g6 4. Bg2 Bg7 5. d3 d6 6. Nge2 e6 7. 0-0 Nge7 8. Be3 Nd4 9. Qd2 0-0 10. Rae1 Rb8 11. Nc1 b5 12. Nd1 b4 13. c3 bxc3 14. bxc3 Ndc6 15. Bh6 e5 16. Bxg7 Kxg7 17. f4 f5 18. Ne3 Be6 19. Ne2 fxe4 20. dxe4 Na5 21. g4 Nc4 22. Nxc4 Bxc4 23. f5 d5 24. Qg5 Nc6 25. Qxd8 Rbxd8 26. exd5 Bxd5 27. Ng3 Bxg2 28. Kxg2 Rd2+ 29. Rf2 Rxf2+ 30. Kxf2 h5 31. h3 hxg4 32. hxg4 Rd8 33. Ke3 c4 34. Ne4 gxf5 35. gxf5 Rd3+ 36. Ke2 Kf7 37. Rd1 Rxd1 38. Kxd1 Ne7 39. Nd6+ Kf6 40. Nxc4 Kxf5 41. Ke2 Nd5 42. Ne3+ Ke4 43. Nd1 Nf4+ 44. Kd2 Ne6 45. Ke2 Nc5 46. Nf2+ Kd5 47. Ng4 a5 48. Ne3+ Ke4 49. Nc4 a4 50. Nb6 Kf4 51. Nd5+ Kf5 52. Ke3 Ke6 53. Nb6 Kd6 54. Nc4+ Kd5 55. Nb6+ Ke6 56. c4 Kf5 57. Nd5 Ke6 58. Nc3 Kd6 59. a3 Kc6 60. Nb5 Nd7 61. Nc3 Kc5 62. Kd3 Nb6 63. Ne4+ Kc6 64. c5 Nd7 65. Kc4 Nb8 66. Nc3 Na6 67. Nxa4 e4 68. Kd4 e3 69. Kxe3 Kb5 70. Nc3+ Kxc5 71. Kd3 Nc7 72. Ne4+ Kb6 73. Kc4 Nb5 74. a4 Na3+ 75. Kb3 Nb5 76. Kb4 Nc7 77. a5+ Ka7 78. Nc5 Na6+ 79. Kb5 Nxc5 80. Kxc5 Ka6 81. Kb4 Ka7 82. Kb5 Kb7 83. a6+ Ka7 84. Ka5 Ka8 85. Kb6 Kb8 86. Kc6 Ka7 87. Kb5 Ka8 88. Kb6 Kb8 89. a7+ Ka8 90. Ka6 1/2-1/2

[Event "Panama Caribe-ch (Women)"]
[Site "Panama"]
[Date "2019.08.18"]
[Round "7"]
[White "Morera Campos, Hazel Maria"]
[Black "Hernandez Alvarez, Tania Regla"]
[Result "0-1"]
[WhiteElo "1911"]
[BlackElo "2097"]
[PlyCount "104"]
[EventDate "2019.08.14"]
[EventType "swiss"]
[EventRounds "9"]
[EventCountry "PAN"]
[SourceTitle "EXT 2020"]
[Source "ChessBase"]
[SourceDate "2019.10.17"]
[SourceVersion "1"]
[SourceVersionDate "2019.10.17"]
[SourceQuality "1"]

1. e4 g6 2. d4 Bg7 3. Nc3 c5 4. Nf3 cxd4 5. Nxd4 Nc6 6. Be3 d6 7. Qd2 Nf6 8. f3 0-0 9. Nb3 Be6 10. 0-0-0 a5 11. Bb5 Nb4 12. Kb1 Qc7 13. g4 Rfc8 14. Bd4 a4 15. Nxa4 Qxc2+ 16. Qxc2 Nxc2 17. Bc3 Ne3 18. Rde1 Nc4 19. Bxc4 Rxa4 20. Bxe6 fxe6 21. h4 Nd7 22. Bxg7 Kxg7 23. Rc1 Rc6 24. h5 g5 25. Rhe1 Kf6 26. Rcd1 Rca6 27. a3 Rb6 28. Ka2 Ne5 29. Nd4 Nc4 30. Re2 Ke5 31. f4+ gxf4 32. g5 Ne3 33. Rg1 Kxd4 34. g6 hxg6 35. hxg6 Ra8 36. g7 Rg8 37. Rh2 Ra6 38. Rh6 f3 39. Rh2 Ng2 40. Rh3 Kxe4 41. Rf1 Rxg7 42. Rfxf3 d5 43. Rb3 d4 44. Rxb7 e5 45. Rbb3 Nf4 46. Rh1 d3 47. Re1+ Ne2 48. Rb4+ Ke3 49. Rh1 d2 50. Rb3+ Kf2 51. Rd1 Nc1+ 52. Kb1 Nxb3 0-1

[Event "San Jose subzonal (Women) 2.3.c"]
[Site "San Jose"]
[Date "2018.03.27"]
[Round "5"]
[White "Shih Gould, Annie"]
[Black "Morera Campos, Hazel Maria"]
[Result "0-1"]
[WhiteElo "1601"]
[BlackElo "1828"]
[PlyCount "66"]
[EventDate "2018.03.25"]
[EventType "swiss"]
[EventRounds "9"]
[EventCountry "CRI"]
[SourceTitle "EXT 2019"]
[Source "ChessBase"]
[SourceDate "2018.10.10"]
[SourceVersion "1"]
[SourceVersionDate "2018.10.10"]
[SourceQuality "1"]

1. e4 c5 2. c3 e6 3. d4 cxd4 4. cxd4 d5 5. exd5 exd5 6. Nc3 Nf6 7. Bf4 Bb4 8. Qb3 Nc6 9. Bb5 0-0 10. Bxc6 Qe7+ 11. Nge2 Bxc3+ 12. Qxc3 bxc6 13. Qxc6 Re8 14. Qb5 Bd7 15. Qd3 Bf5 16. Qd2 Rac8 17. Be3 Ne4 18. Qd1 Nxf2 19. Bxf2 Bg4 20. 0-0 Bxe2 21. Re1 Bxd1 22. Rxe7 Rxe7 23. Rxd1 Re2 24. a4 Rcc2 25. Re1 Rxe1+ 26. Bxe1 Rxb2 27. a5 f6 28. h3 Kf7 29. Kh2 Ke6 30. Kg3 Kf5 31. Kf3 Rb3+ 32. Ke2 Ke4 33. Bf2 Ra3 0-1

[Event "American Continental 13th"]
[Site "Medellin"]
[Date "2017.06.12"]
[Round "4"]
[White "Morera Campos, Hazel Maria"]
[Black "Castaneda, Jorge Luis"]
[Result "0-1"]
[WhiteElo "1872"]
[BlackElo "2155"]
[PlyCount "88"]
[EventDate "2017.06.10"]
[EventType "swiss"]
[EventRounds "11"]
[EventCountry "COL"]
[SourceTitle "CBM 178 Extra"]
[Source "ChessBase"]
[SourceDate "2017.06.22"]
[SourceVersion "1"]
[SourceVersionDate "2017.06.22"]
[SourceQuality "1"]

1. e4 c5 2. Nc3 g6 3. g3 Bg7 4. Bg2 Nc6 5. d3 e6 6. Be3 d6 7. Qd2 Rb8 8. Nge2 Nd4 9. 0-0 Ne7 10. f4 0-0 11. Rae1 b5 12. Nd1 b4 13. Nc1 a5 14. Nf2 a4 15. c3 bxc3 16. bxc3 Nb5 17. e5 Nf5 18. Ne4 Nxe3 19. Qxe3 dxe5 20. fxe5 Bxe5 21. Qxc5 Bg7 22. Kh1 Bb7 23. Qxb5 Bxe4 24. Qxa4 Bxg2+ 25. Kxg2 Bxc3 26. Re2 Rb4 27. Qc6 Bb2 28. Nb3 Bg7 29. Qf3 Rb5 30. Re3 Rd5 31. Qe2 Qa8 32. Ref3 Rfd8 33. Qe4 Qxa2+ 34. R1f2 Qxb3 35. Rxf7 Rf5 36. R2xf5 gxf5 37. Rxg7+ Kxg7 38. Qe5+ Kg8 39. Qf6 Qd5+ 40. Kh3 f4 41. g4 Rf8 42. Qh6 Qxd3+ 43. Kg2 f3+ 44. Kf2 Qe2+ 0-1

[Event "American Continental 13th"]
[Site "Medellin"]
[Date "2017.06.11"]
[Round "3"]
[White "Moran Reyes, Paulo"]
[Black "Morera Campos, Hazel Maria"]
[Result "1/2-1/2"]
[WhiteElo "2129"]
[BlackElo "1872"]
[PlyCount "86"]
[EventDate "2017.06.10"]
[EventType "swiss"]
[EventRounds "11"]
[EventCountry "COL"]
[SourceTitle "CBM 178 Extra"]
[Source "ChessBase"]
[SourceDate "2017.06.22"]
[SourceVersion "1"]
[SourceVersionDate "2017.06.22"]
[SourceQuality "1"]

1. e4 c6 2. d3 d5 3. Nd2 Nd7 4. Ngf3 e5 5. g3 Ngf6 6. Bg2 Bd6 7. 0-0 0-0 8. Re1 Re8 9. c3 dxe4 10. dxe4 Qe7 11. Nc4 Bc7 12. Qc2 b5 13. Ne3 g6 14. a4 Bb7 15. Nd2 a6 16. b3 Bb6 17. Ba3 Bc5 18. b4 Bd6 19. Rab1 Nf8 20. c4 Ne6 21. c5 Bc7 22. a5 Nd4 23. Qc1 Rad8 24. Nc2 Bc8 25. Bb2 Nxc2 26. Qxc2 Bg4 27. f3 Be6 28. Rbd1 Rd7 29. Nf1 Red8 30. Ne3 Rxd1 31. Rxd1 Rxd1+ 32. Qxd1 Qd7 33. Kf2 Qxd1 34. Nxd1 Nd7 35. Ke3 f6 36. Nf2 Kf7 37. h4 h5 38. Nd3 Nf8 39. f4 Nd7 40. Bf3 Ke7 41. Nc1 Nf8 42. Ne2 Bg4 43. Bxg4 hxg4 1/2-1/2

[Event "CRI-ch (Women)"]
[Site "San Jose"]
[Date "2016.06.18"]
[Round "5"]
[White "Salazar Gould, Melannie"]
[Black "Morera Campos, Hazel Maria"]
[Result "0-1"]
[WhiteElo "1671"]
[BlackElo "1772"]
[PlyCount "88"]
[EventDate "2016.06.11"]
[EventType "tourn"]
[EventRounds "7"]
[EventCountry "CRI"]
[SourceTitle "CBM 173 Extra"]
[Source "ChessBase"]
[SourceDate "2016.08.29"]
[SourceVersion "1"]
[SourceVersionDate "2016.08.29"]
[SourceQuality "1"]

1. b3 d5 2. Bb2 Nf6 3. e3 e6 4. a3 Be7 5. Nf3 0-0 6. c4 c5 7. Be2 b6 8. 0-0 Bb7 9. d3 Nbd7 10. Nbd2 Bd6 11. Rc1 Rc8 12. Re1 Re8 13. Nf1 dxc4 14. bxc4 Qc7 15. e4 Red8 16. Ng3 Bf4 17. Rb1 Ne5 18. Nxe5 Bxe5 19. Bxe5 Qxe5 20. a4 Qc7 21. Qb3 Bc6 22. Bf3 Nd7 23. Re3 Ne5 24. Be2 Ba8 25. Qc3 Nc6 26. Nh5 Nd4 27. Bd1 Kh8 28. Rg3 g6 29. Nf6 Qe5 30. Ng4 Ne2+ 31. Bxe2 Qxc3 32. e5 Qc2 33. Re1 Qxa4 34. Nf6 Kg7 35. h4 Qb4 36. Rf1 Qb2 37. Re3 b5 38. h5 bxc4 39. hxg6 hxg6 40. dxc4 Rd2 41. Bg4 Rh8 42. Rg3 Qxe5 43. Nh5+ Rxh5 44. Bxh5 Qxh5 0-1

[Event "CRI-ch (Women)"]
[Site "San Jose"]
[Date "2016.06.12"]
[Round "3"]
[White "Rodriguez Arrieta, Maria Elena"]
[Black "Morera Campos, Hazel Maria"]
[Result "1-0"]
[WhiteElo "1884"]
[BlackElo "1772"]
[PlyCount "105"]
[EventDate "2016.06.11"]
[EventType "tourn"]
[EventRounds "7"]
[EventCountry "CRI"]
[SourceTitle "CBM 173 Extra"]
[Source "ChessBase"]
[SourceDate "2016.08.29"]
[SourceVersion "1"]
[SourceVersionDate "2016.08.29"]
[SourceQuality "1"]

1. e4 c6 2. d4 d5 3. exd5 cxd5 4. Bd3 Nc6 5. c3 Qc7 6. h3 Bd7 7. Nf3 e6 8. 0-0 Bd6 9. Re1 Nf6 10. Nbd2 0-0 11. Nf1 Rfe8 12. Bg5 Be7 13. Ne5 Nxe5 14. dxe5 Ne4 15. Bxe7 Rxe7 16. Bxe4 dxe4 17. Rxe4 Bc6 18. Re1 Rd7 19. Qc2 Rd5 20. f4 Rad8 21. Rad1 Qb6+ 22. Kh2 h6 23. Rxd5 Rxd5 24. Ne3 Rd7 25. Nc4 Qa6 26. b3 Bb5 27. Nd6 Bd3 28. Qd2 Bg6 29. c4 Qc6 30. Qf2 b6 31. Rc1 Rc7 32. Qd4 Kh7 33. Rd1 Bh5 34. Rd2 Bg6 35. Nb5 Re7 36. Qd8 Qe4 37. Rd4 Qb7 38. Nd6 Qd7 39. Qxd7 Rxd7 40. b4 Bb1 41. a3 Ba2 42. Kg3 Kg8 43. Rd2 Bb3 44. Rb2 Ba4 45. Kf3 Bc6+ 46. Ke3 Kf8 47. c5 Ke7 48. b5 Bd5 49. cxb6 axb6 50. Nc8+ Kd8 51. Nxb6 Ra7 52. a4 Kc7 53. Nxd5+ 1-0

[Event "CRI-ch (Women)"]
[Site "San Jose"]
[Date "2015.09.05"]
[Round "9"]
[White "Nunez Gonzalez, Neeshmy"]
[Black "Morera Campos, Hazel Maria"]
[Result "1-0"]
[WhiteElo "1804"]
[BlackElo "1720"]
[PlyCount "121"]
[EventDate "2015.08.26"]
[EventType "tourn"]
[EventRounds "9"]
[EventCountry "CRI"]
[SourceTitle "EXT 2016"]
[Source "ChessBase"]
[SourceDate "2015.10.08"]
[SourceVersion "1"]
[SourceVersionDate "2015.10.08"]
[SourceQuality "1"]

1. d4 Nf6 2. c4 e6 3. Nc3 d5 4. e3 Be7 5. Nf3 0-0 6. Be2 b6 7. 0-0 Bb7 8. b3 c5 9. Bb2 Nc6 10. cxd5 exd5 11. Rc1 Rc8 12. Re1 Qd7 13. Bb5 Rfd8 14. Na4 cxd4 15. Nxd4 Bb4 16. Re2 Qd6 17. Bxc6 Bxc6 18. Rec2 Bd7 19. Nb5 Qb8 20. Bxf6 Rxc2 21. Rxc2 gxf6 22. Nd4 Bd6 23. h3 Rc8 24. Nc3 Be6 25. Qf3 Be5 26. Nxd5 Bxd5 27. Qxd5 Bxd4 28. Rxc8+ Qxc8 29. Qxd4 Qc1+ 30. Kh2 Qc2 31. Qxf6 Qxa2 32. Qd8+ Kg7 33. Qg5+ Kf8 34. Qh6+ Ke7 35. Qh4+ Kf8 36. b4 Qa4 37. Qd8+ Kg7 38. Qd4+ Kg8 39. f4 a5 40. Qd8+ Kg7 41. Qg5+ Kf8 42. b5 Qd1 43. Qh6+ Kg8 44. Qxb6 a4 45. Qb8+ Kg7 46. Qe5+ Kg8 47. Qc5 Qb3 48. b6 a3 49. Qc8+ Kg7 50. b7 a2 51. b8Q Qxb8 52. Qxb8 a1Q 53. Qe5+ Qxe5 54. fxe5 Kg6 55. g4 h5 56. Kg3 Kg5 57. h4+ Kg6 58. Kf4 hxg4 59. Kxg4 Kh6 60. Kf5 Kg7 61. h5 1-0

[Event "CRI-ch (Women)"]
[Site "San Jose"]
[Date "2015.09.01"]
[Round "6"]
[White "Morera Campos, Hazel Maria"]
[Black "Bogantes Robleto, Karina"]
[Result "1-0"]
[WhiteElo "1720"]
[BlackElo "1661"]
[PlyCount "119"]
[EventDate "2015.08.26"]
[EventType "tourn"]
[EventRounds "9"]
[EventCountry "CRI"]
[SourceTitle "EXT 2016"]
[Source "ChessBase"]
[SourceDate "2015.10.08"]
[SourceVersion "1"]
[SourceVersionDate "2015.10.08"]
[SourceQuality "1"]

1. e4 c5 2. Nc3 e6 3. g3 d5 4. exd5 exd5 5. Bg2 Nf6 6. d3 d4 7. Ne4 Nxe4 8. dxe4 Bd6 9. Ne2 Nc6 10. 0-0 Qc7 11. c3 Qb6 12. Qc2 Be6 13. cxd4 Nxd4 14. Qd3 Nxe2+ 15. Qxe2 0-0 16. e5 Be7 17. Be3 Bd7 18. Rfd1 Bc6 19. Rac1 Bxg2 20. Kxg2 Rfd8 21. b3 Rxd1 22. Rxd1 Qe6 23. Qf3 Rb8 24. Bf4 b6 25. Qd5 Qxd5+ 26. Rxd5 Rd8 27. Rxd8+ Bxd8 28. Kf3 Kf8 29. Ke4 Ke8 30. Kd5 Kd7 31. Be3 g5 32. f4 gxf4 33. gxf4 Bc7 34. f5 a5 35. a4 Bd8 36. e6+ fxe6+ 37. fxe6+ Ke8 38. Bf4 h5 39. Bd6 h4 40. h3 Bg5 41. Kc6 Be3 42. Kb5 Bf2 43. Kc4 Bg3 44. Kd5 Kd8 45. Bf8 Ke8 46. Bd6 Kd8 47. Kc6 Bf2 48. Kb5 Bg3 49. Kc6 Bf2 50. Bc7+ Ke7 51. Kd5 Be1 52. Bxb6 Bb4 53. Ba7 Ba3 54. Bxc5+ Bxc5 55. Kxc5 Kxe6 56. Kb5 Ke5 57. Kxa5 Kf4 58. b4 Kg3 59. b5 Kxh3 60. b6 1-0

[Event "Central America-ch U18 Girls 4th"]
[Site "Armenia"]
[Date "2013.11.05"]
[Round "5"]
[White "Figueroa Gonzalez, Karen Luvia"]
[Black "Morera Campos, Hazel Maria"]
[Result "1-0"]
[WhiteElo "1766"]
[BlackElo "1870"]
[PlyCount "177"]
[EventDate "2013.11.05"]
[EventType "swiss"]
[EventRounds "6"]
[EventCountry "COL"]
[SourceTitle "EXT 2016"]
[Source "ChessBase"]
[SourceDate "2015.10.08"]
[SourceVersion "1"]
[SourceVersionDate "2015.10.08"]
[SourceQuality "1"]

1. e4 d6 2. d3 Nf6 3. g3 e5 4. Bg2 Be7 5. Ne2 Nbd7 6. 0-0 0-0 7. f4 c6 8. d4 Qc7 9. Nbc3 exd4 10. Nxd4 Nc5 11. Re1 Re8 12. Nb3 Bg4 13. Qd2 Nxb3 14. axb3 Bd7 15. Qd3 Bf8 16. Be3 b6 17. Bd4 Ng4 18. h3 Nh6 19. Bf2 f6 20. Rad1 Nf7 21. Ne2 Rad8 22. c4 Bc8 23. Qc3 Bb7 24. Nd4 Bc8 25. Kh2 Bd7 26. b4 Qc8 27. b5 c5 28. Nc2 Re7 29. Ne3 f5 30. Nd5 Ree8 31. e5 Be6 32. b3 Qb8 33. exd6 Bxd6 34. Qc2 Qc8 35. Ra1 Bb8 36. Qc3 Nd6 37. Rec1 Ne4 38. Bxe4 fxe4 39. Rg1 Bxd5 40. cxd5 Rxd5 41. Qc4 Qe6 42. Be3 Rd3 43. Rge1 Qxc4 44. bxc4 Red8 45. Bc1 Re8 46. Be3 Red8 47. Bc1 Rd1 48. Rxe4 Kf7 49. Re2 R8d3 50. Rc2 Rf3 51. Bb2 Rdd3 52. Rg2 Rb3 53. Rd1 Rfd3 54. Rxd3 Rxd3 55. Re2 Bd6 56. Kg2 Be7 57. Kf2 Bf6 58. Bxf6 gxf6 59. Ra2 Rd7 60. Ke3 Ke6 61. g4 h6 62. h4 Rg7 63. Kf3 f5 64. Re2+ Kf6 65. g5+ hxg5 66. hxg5+ Kf7 67. Re5 Kg6 68. Re6+ Kf7 69. Rf6+ Ke7 70. Rxf5 Rg6 71. Kg4 Ke6 72. Re5+ Kf7 73. f5 Rd6 74. g6+ Kf6 75. Rd5 Rxd5 76. cxd5 c4 77. d6 c3 78. d7 Ke7 79. f6+ Kxd7 80. f7 c2 81. f8Q c1Q 82. Qf5+ Kd8 83. Qg5+ Qxg5+ 84. Kxg5 Ke7 85. Kh6 Kf8 86. Kh7 Ke7 87. g7 Ke6 88. g8Q+ Kd6 89. Qc8 1-0

[Event "Central America-ch U18 Girls 4th"]
[Site "Armenia"]
[Date "2013.11.05"]
[Round "6"]
[White "Morera Campos, Hazel Maria"]
[Black "Figueroa Calderon, Jenid"]
[Result "1-0"]
[WhiteElo "1870"]
[BlackElo "1449"]
[PlyCount "131"]
[EventDate "2013.11.05"]
[EventType "swiss"]
[EventRounds "6"]
[EventCountry "COL"]
[SourceTitle "EXT 2016"]
[Source "ChessBase"]
[SourceDate "2015.10.08"]
[SourceVersion "1"]
[SourceVersionDate "2015.10.08"]
[SourceQuality "1"]

1. e4 e5 2. Nf3 Nc6 3. Bb5 d6 4. 0-0 a6 5. Ba4 Be6 6. c3 Nf6 7. Re1 Nh5 8. d4 exd4 9. Nxd4 Bd7 10. Qxh5 Nxd4 11. Bxd7+ Qxd7 12. cxd4 g6 13. Qd1 Bg7 14. Nc3 0-0-0 15. Be3 Rhe8 16. Qc2 Re7 17. Rac1 Rde8 18. Nd5 Kb8 19. Nxe7 Rxe7 20. f3 h5 21. Bf2 g5 22. Qd2 f6 23. Rc2 g4 24. Qe3 gxf3 25. Qxf3 Qa4 26. Qb3 Qd7 27. Qf3 Qa4 28. b3 Qe8 29. Rec1 c6 30. d5 Rc7 31. dxc6 Rxc6 32. Rxc6 bxc6 33. Qd3 Qc8 34. Qxd6+ Kb7 35. Qe7+ Qc7 36. Qb4+ Ka8 37. Qb6 Qxb6 38. Bxb6 Kb7 39. Bc5 Bh6 40. Rd1 Kc7 41. Kf2 a5 42. Kf3 Bg5 43. g4 h4 44. h3 Kc8 45. a4 Kc7 46. b4 axb4 47. Bxb4 Kb6 48. Rd6 Kb7 49. Re6 Kb6 50. Ke2 Kb7 51. Kd3 Kb6 52. Kc4 Kc7 53. Kd3 Kb6 54. Bd2 Bxd2 55. Kxd2 Kc5 56. Rxf6 Kb6 57. Rh6 Kc5 58. Rxh4 Kb4 59. g5 c5 60. g6 c4 61. g7 c3+ 62. Kc2 Kxa4 63. g8Q Kb5 64. Qd5+ Ka4 65. Qc4+ Ka3 66. Qb3# 1-0